Tôi đi làm tình báo : Hồi ký

Spremljeno u:
Bibliografski detalji
Glavni autor: Đinh, Thị Vân
Format: Knjiga
Jezik:Undetermined
Izdano: Hà Nội Nxb. Quân đội Nhân dân 2003
Teme:
Oznake: Dodaj oznaku
Bez oznaka, Budi prvi tko označuje ovaj zapis!
Thư viện lưu trữ: Trung tâm Học liệu Trường Đại học Cần Thơ
LEADER 00565nam a2200193Ia 4500
001 CTU_226533
008 210402s9999 xx 000 0 und d
082 |a 895.922803 
082 |b V121 
100 |a Đinh, Thị Vân 
245 0 |a Tôi đi làm tình báo : 
245 0 |b Hồi ký 
245 0 |c Đinh Thị Vân 
260 |a Hà Nội 
260 |b Nxb. Quân đội Nhân dân 
260 |c 2003 
650 |a Vietnamese literature,Văn học Việt Nam 
910 |b vtbtruc 
980 |a Trung tâm Học liệu Trường Đại học Cần Thơ